Manual de Carreño: urbanidad y buenas maneras, actualizado
Gardado en:
| Autor Principal: | |
|---|---|
| Formato: | Libro |
| Idioma: | Lingua castelá |
| Publicado: |
Santiago
Arrayán
1998
|
| Edición: | 5a. ed |
| Subjects: | |
| Tags: |
Engadir etiqueta
Sen Etiquetas, Sexa o primeiro en etiquetar este rexistro!
|
MARC
| LEADER | 00000nam a2200000 a 4500 | ||
|---|---|---|---|
| 001 | UCN7118 | ||
| 003 | CL-VaPUC | ||
| 008 | 011012e19980000CL |||||||||||||||||spa|d | ||
| 082 | 0 | 4 | |a 395 |b CAR |2 21 |
| 100 | 0 | |a Carreño, Manuel Antonio |e author |9 463049 | |
| 245 | 1 | 0 | |a Manual de Carreño: urbanidad y buenas maneras, actualizado |
| 250 | |a 5a. ed | ||
| 300 | |a 432 p | ||
| 942 | |c BK | ||
| 945 | |d 20011012 00:00:00 |a cmena | ||
| 260 | |a Santiago |b Arrayán |c 1998 | ||
| 650 | 7 | |a CORTESIA |2 CL-VaPUC |9 312165 | |
| 650 | 7 | |a CONDUCTA ETICA |2 CL-VaPUC |9 256932 | |
| 650 | 7 | |a ETIQUETA EN LA MESA |2 CL-VaPUC |9 312166 | |
| 583 | |a last modification |c 20011012 00:00:00 |k Rodrigo Vera | ||
| 999 | |c 297635 |d 297633 | ||
| 952 | |0 0 |1 0 |4 0 |6 395_000000000000000_CAR_1998 |7 0 |8 A |9 352550 |a BIBEDU |b BIBEDU |d 2019-11-21 |i 3762912 |o 395 CAR 1998 |p 3762912 |r 2019-11-21 |w 2019-11-21 |y BK |k CUE | ||